| 000 | 00453nam a2200145Ia 4500 | ||
|---|---|---|---|
| 008 | 150223s9999 xx 000 0 und d | ||
| 020 | _a8170947162 | ||
| 050 |
_aHG 4521 _b.F231 2005 |
||
| 100 | _aFarleigh, Richard. | ||
| 245 |
_aTaming the lion : _b100 secret strategies for investing / _cRichard Farleigh. |
||
| 260 |
_aUK : _bHarriman House Ltd., _c2005 |
||
| 300 |
_a232 pages : _c22 cm. |
||
| 504 | _aIncludes Index. | ||
| 650 |
_aBusiness _xInvesting |
||
| 999 |
_c283317 _d283317 |
||